000 01260nam a22002297a 4500
003 KOHA_MİRAKIL
005 20260416103615.0
008 260416b tu ||||| |||| 00| 0 tur d
020 _a9786057331595
040 _aTR-AnABB
_btur
_cTR-AnABB
041 _atur
082 _a352.007 2
_bBEL 2023
245 0 0 _aBelediye hizmetlerinde ilkeler /
_cEditör : Emir Osmanoğlu
260 _aAnkara :
_bİdealkent Yayınları,
_c2023
300 _a255 sayfa ;
_c20 cm
490 0 _aİdealkent yayınları ;
_v66
505 _aİçindekiler: Belediye hizmetlerinde ilkeler için bir giriş denemesi - Kent hakkını yeniden düşünmek - iyi yönetişim: kuram, ilkeler, mevzuat ve politika yapımı - Sürdürülebilir ve yaşanabilir kentler bağlamında kent kimliği ve estetiği - Günümüz kentinde ulaşım problemlerine farklı yaklaşımlar - Yaş dostu kentler ve aktif yaşlanma - Küresel sorunla yerel mücadele: Belediyelerin yoksullukla mücadelede karşılaştıkları sorunlar ve çözüm önerileri - Hayvan hakları - Dijitalleşme çağıda akıllı kentler ve coğrafi bilgi sistemleri
650 0 4 _aYerel yönetim ilkeleri
700 1 _aOsmanoğlu, Emir,
_eeditör
_93488
900 _bCan ÇELIK
942 _2ddc
_cBK
999 _c10279
_d10279